| 000 | 00501nam a2200169Ia 4500 | ||
|---|---|---|---|
| 008 | 230917s9999||||xx |||||||||||||| ||und|| | ||
| 020 | _cGBP125 | ||
| 040 |
_e248598 _aMAIN |
||
| 041 | _aEnglish | ||
| 082 | _a338.16 S64E | ||
| 100 | _aSingh, Harikesh B | ||
| 245 | 0 | _aEmerging trends in agri-nanotechnology: Fundamental and applied aspects | |
| 260 |
_aOxfordshire _bCAB International _c2018 |
||
| 300 | _axix, 302 p. | ||
| 500 | _a3176 17/07/2018 RBP18/71784 30/07/2018 Main Budget | ||
| 942 | _cBK | ||
| 999 |
_c27238 _d27238 |
||